| 000 | 00597nam a22002057a 4500 | ||
|---|---|---|---|
| 003 | OSt | ||
| 005 | 20140310181930.0 | ||
| 008 | 130722t xxu||||| |||| 00| 0 eng d | ||
| 050 |
_aMT 599 _b.F482 1970 |
||
| 082 |
_aTR 787.610712 _bF47 1970 |
||
| 100 |
_aFiliberto, Roger _92636 |
||
| 245 |
_aNew sounds for electric bass and guitar / _cRoger Filiberto |
||
| 260 |
_aKirkwood Missouri : _bMel Bay, _cc1970. |
||
| 300 |
_a47 p. : _bill. ; _c30 cm. |
||
| 521 | _aFaculty | ||
| 541 | _j1 | ||
| 562 | _e1 | ||
| 650 |
_aBass guitar _xInstruction and study. _92637 |
||
| 942 |
_2lcc _cBK-TR _kTR |
||
| 999 |
_c7317 _d7317 |
||